|
|
|
|
| LEADER |
00724nab a2200193 i 4500 |
| 001 |
acta5184 |
| 005 |
20250718150444.0 |
| 008 |
161015s2008 hu o 000 hun d |
| 040 |
|
|
|a SZTE Egyetemi Kiadványok Repozitórium
|b hun
|
| 041 |
|
|
|a hun
|
| 100 |
1 |
|
|a Tatai Zoltán
|
| 245 |
1 |
0 |
|a Emlékezés Molnár Gáborra
|h [elektronikus dokumentum] /
|c Tatai Zoltán
|
| 260 |
|
|
|a Belvedere Meridionale
|b Szeged
|c 2008
|
| 300 |
|
|
|a 144-153
|
| 490 |
0 |
|
|a Belvedere Meridionale
|v 20 No. 7-8
|
| 650 |
|
4 |
|a Bölcsészettudományok
|
| 650 |
|
4 |
|a Nyelvek és irodalom
|
| 695 |
|
|
|a Molnár Gábor, Magyar irodalom története - 20. sz. - életrajz
|
| 856 |
4 |
0 |
|u http://acta.bibl.u-szeged.hu/5184/1/belvedere_2008_007_008_144-153.pdf
|z Dokumentum-elérés
|